Brazilian scientific production on herbal medicines used in dentistry (Registro n. 299520)
[ somente texto ]
| 000 -LÍDER | |
|---|---|
| fixed length control field | 04290nab a2200313 i 4500 |
| 003 - CÓDIGO MARC DA AGÊNCIA CATALOGADORA | |
| Campo de controle | BR-BrBNA |
| 005 - DATA E HORA DA ÚLTIMA ATUALIZAÇÃO | |
| Campo de controle | 20240509145636.0 |
| 008 - CAMPO DE TAMANHO FIXO | |
| fixed length control field | 240509b2014 bl.qr|pooa||| 00| 0 eng | |
| 040 ## - FONTE DA CATALOGAÇÃO | |
| Agência catalogadora | BR-BrBNA |
| Idioma da catalogação | eng |
| 072 ## - CATEGORIA AGRIS | |
| Código AGRIS | C30 |
| 100 ## - ENTRADA PRINCIPAL - NOME PESSOAL | |
| Nome pessoal | Castro, R.D. |
| 100 ## - ENTRADA PRINCIPAL - NOME PESSOAL | |
| Nome pessoal | Oliveira, J.A. |
| 100 ## - ENTRADA PRINCIPAL - NOME PESSOAL | |
| Nome pessoal | Vasconcelos, L.C. |
| 100 ## - ENTRADA PRINCIPAL - NOME PESSOAL | |
| Nome pessoal | Maciel, P.P. |
| 100 ## - ENTRADA PRINCIPAL - NOME PESSOAL | |
| Nome pessoal | Brasil, V.L.M. |
| 245 ## - TÍTULO PRINCIPAL | |
| Título principal | Brazilian scientific production on herbal medicines used in dentistry |
| 500 ## - NOTA GERAL | |
| Nota geral | Publicação on-line; 37 ref.; 4 tables; Summaries (En, Pt) |
| 942 ## - ADDED ENTRY ELEMENTS (KOHA) | |
| Koha item type | |
| 520 ## - NOTA DE RESUMO | |
| Nota de conteúdo | <br/><br/>ABSTRACT: <br/><br/>The objective of this study was to critically analyze the scientific production<br/>published in specialized Brazilian journals concerning the use of medicinal plants in dentistry.<br/>A literature review was carried out using an indirect documentation technique by means of a<br/>bibliographical study. Four examiners performed independent searches in Brazilian journals<br/>of medicinal plants indexed in the database SciELO (Brazilian Journal of Pharmacognosy;<br/>Brazilian Journal of Medicinal Plants; Brazilian Journal of Pharmaceutical Sciences; and Acta<br/>Botanica Brasilica) using the descriptors “herbal medicine/phytotherapy” or “medicinal plants”<br/>and “dentistry “. The articles published from 2002 to 2012 addressing the use of medicinal plants<br/>in dentistry were included and analyzed. The searches based on the descriptors and reading of<br/>abstracts, resulted in 155 articles. Of these, 44 were read in full and a total of 16 publications<br/>met the eligibility criteria and were selected. Laboratory studies predominated (10) and were<br/>limited to the evaluation of antimicrobial properties by means of tests for determining inhibitory,<br/>fungicidal and bactericidal concentrations. Three literature reviews and only one clinical trial with<br/>no blinding and randomization were found. It is highlighted the need for better methodological<br/>designs in the researches and greater production of clinical or in vivo studies.<br/><br/>Key words: Dentistry, Ethnobotany, Medicinal Plants, Phytotherapy, Plant Extracts |
| 520 ## - NOTA DE RESUMO | |
| Nota de conteúdo | <br/><br/>RESUMO: <br/><br/>Produção científica brasileira sobre o uso de plantas medicinais na odontologia.<br/>O objetivo deste estudo foi analisar criticamente a produção científica acerca do uso de plantas<br/>medicinais em Odontologia nos periódicos brasileiros especializados. Realizou-se uma revisão<br/>da literatura, utilizando técnica de documentação indireta a partir de um estudo bibliográfico.<br/>Quatro pesquisadores procederam, de forma independente, uma busca nas revistas brasileiras<br/>de plantas medicinais indexadas na base de dados Scielo (Revista brasileira de farmacognosia;<br/>Revista brasileira de plantas medicinais; Brazilian journal of pharmaceutical sciences;<br/>Acta botânica. brasílica) utilizando como descritores “fitoterapia” ou “plantas medicinais” e<br/>“Odontologia”. Os artigos publicados de 2002 a 2012 que envolveram o uso de plantas medicinais<br/>em Odontologia foram incluídos e analisados. A busca por descritores e leitura de resumos<br/>gerou 155 artigos, dos quais 44 foram lidos na íntegra, sendo selecionadas 16 publicações<br/>que se enquadraram aos critérios requeridos. Estudos laboratoriais foram majoritários (10), e<br/>limitaram-se em avaliar propriedades antimicrobianas através das concentrações inibitórias,<br/>fungicidas e bactericidas. Três foram revisões da literatura e apenas um ensaio clínico esteve<br/>presente, sendo o cegamento e a randomização ausentes. Evidenciou-se a necessidade de<br/>um melhor delineamento metodológico das pesquisas e de uma maior produção de estudos<br/>clínicos ou in vivo.<br/><br/>Palavras-chave: extratos vegetais, etnobotânica, fitoterapia, odontologia, plantas medicinais. |
| 650 ## - ASSUNTO - THESAGRO | |
| Cabeçalho tópico ou nome geográfico | EXTRATO VEGETAL |
| 650 ## - ASSUNTO - THESAGRO | |
| Cabeçalho tópico ou nome geográfico | ETNOBOTÂNICA |
| 650 ## - ASSUNTO - THESAGRO | |
| Cabeçalho tópico ou nome geográfico | FITOTERAPIA |
| 650 ## - ASSUNTO - THESAGRO | |
| Cabeçalho tópico ou nome geográfico | ODONTOLOGIA |
| 650 ## - ASSUNTO - THESAGRO | |
| Cabeçalho tópico ou nome geográfico | PLANTA MEDICINAL |
| 773 0# - ENTRADA ANALÍTICA | |
| Host Biblionumber | 3543 |
| Registro do item | 315062 |
| Imprenta | Botucatu-SP Instituto de Biociências - Departamento de Química e Bioquímica 1998 |
| Outro identificador | 2024-1315 |
| Título | Revista Brasileira de Plantas Medicinais (Brazil) |
| ISSN | 1516-0572 |
| Colação | v. 16(3) p. 618-627; (2014) |
| Número de controle de registro | BR2024000743 |
| 856 ## - ACESSO E ENDEREÇO ELETRÔNICO | |
| Identificador uniforme de recurso - URI | https://www.scielo.br/j/rbpm/a/Z8cdYFQyzqmFNNk4gb9t3MJ/?format=pdf&lang=en |
Nenhum exemplar disponível.

BINAGRI